Statistický obzor revue pro statistickou teorii a praxi

Gespeichert in:
Bibliographische Detailangaben
Format: Schriftenreihe
Sprache:Tschechisch
Veröffentlicht: Praha SÚS
Tags: Tag hinzufügen
Keine Tags, Fügen Sie das erste Tag hinzu!

MARC

LEADER 00000nas1a2200000$$$4500
001 0021007
005 20250730114822.3
041 0 |a cze 
044 |a CZ 
245 1 0 |a Statistický obzor  |b revue pro statistickou teorii a praxi 
264 1 |a Praha  |b SÚS 
500 |a Do roku 1930 názov: Československý statistický věstník. Od roku 1962 názov: Statistika a kontrola